ბათუმის შოთა რუსთაველის სახელმწიფო უნივერსიტეტის ბიბლიოთეკა

Геометрия дифференцируемых многообразовании (ბიბ.ჩანაწერი № 48021)

000 -LEADER
fixed length control field 00680nam a2200217Ia 4500
001 - CONTROL NUMBER
control field 14901
003 - CONTROL NUMBER IDENTIFIER
control field GE_BSU
008 - FIXED-LENGTH DATA ELEMENTS--GENERAL INFORMATION
fixed length control field 181216s||||||||xx |||||||||||||| ||und||
020 ## - INTERNATIONAL STANDARD BOOK NUMBER
International Standard Book Number 5060004627
040 ## - CATALOGING SOURCE
Transcribing agency GE_BSU
080 ## - UNIVERSAL DECIMAL CLASSIFICATION NUMBER
Universal Decimal Classification number 514(075.8)
100 ## - MAIN ENTRY--PERSONAL NAME
Personal name Базылев, В.Т.
245 ## - TITLE STATEMENT
Title Геометрия дифференцируемых многообразовании
245 ## - TITLE STATEMENT
Remainder of title Учевное пособие для студ. вузов
260 ## - PUBLICATION, DISTRIBUTION, ETC.
Place of publication, distribution, etc. Москва
260 ## - PUBLICATION, DISTRIBUTION, ETC.
Name of publisher, distributor, etc. Высшая школа
260 ## - PUBLICATION, DISTRIBUTION, ETC.
Date of publication, distribution, etc. 1989
300 ## - PHYSICAL DESCRIPTION
Extent 223стр.20см.
653 ## - INDEX TERM--UNCONTROLLED
Uncontrolled term Геометрия дифференцируемых многообразовании
942 ## - ADDED ENTRY ELEMENTS (KOHA)
Koha item type წიგნი
ეგზემპლარები
Withdrawn status Lost status Damaged status Not for loan Date acquired Barcode Date last seen Price effective from Koha item type
        2018-12-17 17869 2018-12-17 2018-12-17 წიგნი